| 000 | 00933cab a22001935a 4500 | ||
|---|---|---|---|
| 001 | L152802 | ||
| 008 | 110504e20110428xxk 000 0 eng d | ||
| 035 | _a(Sirsi) u152802 | ||
| 041 | 0 | _aeng | |
| 110 | 2 |
_aProperty Week _91549 |
|
| 245 | 0 | 0 | _aJones Lang LaSalle is quickest out of the blocks |
| 260 | _c2011 | ||
| 490 | 0 |
_aProperty Week _v77(17) 28 April 2011, 28(1) |
|
| 520 | _aThe latest Property Data agents' league tables show Jones Lang LaSalle selling more UK property than any other agent in the first quarter of 2011 totalling £1.8bn out of £8.55bn transacted by the top 10 agents in this period. Office deals dominated in this quarter. Dowley Turner entered the top 10 for the first time. Tables cover totals, offices, retail and industrial subdivisions for Q1 2011 and Q1 2010. | ||
| 590 | _aKA | ||
| 651 | 4 |
_aUnited Kingdom _y |
|
| 690 | _aPROPERTY-COMMERCIAL PROPERTY-COMMERCIAL PROPERTY MARKET | ||
| 942 | _n0 | ||
| 999 |
_c83099 _d83099 |
||